00389nam a2200157Ia 4500003000400000008004100004040001600045082001300061100001900074245003700093260003000130300001000160490002400170650001500194650002200209GCL140319s9999 xx 000 0 eng d aGCL / cGCL04a843bL A1 aLEIRIS, MICHEL10aL'AGE D'HOMME / cLEIRIS, MICHEL a[S.N] : bFOLIO ، c1995 a214 P aCOLLECTION FOLIOv004aLITERATURE04aFRENCH LITERATURE